| 000 | 00795nas a2200277 4500 | ||
|---|---|---|---|
| 001 | BR0300231 | ||
| 003 | BR-BrBNA | ||
| 005 | 20231205103452.0 | ||
| 007 | ta | ||
| 008 | 230509b bl.|||p| |||| 00| 00por d | ||
| 040 |
_aBR-BrBNA _bpor _cBiblioteca Nacional de Agricultura |
||
| 041 | _a(Pt) | ||
| 072 | _aF01 | ||
| 100 | 1 | _aPereira, J.A. | |
| 100 | 1 | _aRangel, P.H.N. | |
| 245 | 1 | _aProdutividade e qualidade de grãos de arroz irrigado no Piauí | |
| 650 | _aARROZ IRRIGADO | ||
| 650 | _aGRÃO | ||
| 650 | _aQUALIDADE | ||
| 650 | _aRENDIMENTO | ||
| 650 | _aAMILOSE | ||
| 650 | _aGELATINIZAÇÃO | ||
| 773 | 0 |
_tCiência e Agrotecnologia (Brazil) _xISSN 1413-7054 _g(Jul-Ago 2001), v. 25(3) p. 569-575 _wBR0300231 |
|
| 909 |
_a202311 _bLúcia _c55 _dLúcia Elande |
||
| 942 |
_2AGRIS _n0 _cANA |
||
| 999 |
_c173034 _d173034 |
||